|
|
|
|
| LEADER |
00000nam a2200000 i 4500 |
| 001 |
DIGEDUFV0014 |
| 003 |
NyNyDIG |
| 008 |
200418s2018 sp ob 000 0 spa d |
| 006 |
m o d |
| 007 |
cr ||||||||||| |
| 035 |
|
|
|a (OCoLC)1152728777
|
| 040 |
|
|
|a DGITA
|b eng
|e rda
|e pn
|c DGITA
|
| 020 |
|
|
|a 9788416552528
|q edición digital
|
| 020 |
|
|
|a 8416552525
|q edición digital
|
| 020 |
|
|
|z 9788416552511
|
| 020 |
|
|
|z 8416552517
|
| 041 |
1 |
|
|a spa
|h por
|
| 043 |
|
|
|a e-sp---
|a e-po---
|
| 050 |
1 |
4 |
|a BX1749.A1 ebook
|
| 082 |
0 |
4 |
|a 230.2
|
| 100 |
1 |
|
|a Moreira, J. M.
|q (José Manuel),
|e author.
|
| 240 |
1 |
0 |
|a De Salamanca a Coimbra e Évora.
|l Spanish
|s (Muñoz Pérez)
|
| 245 |
1 |
0 |
|a De Salamanca a Coímbra y Évora :
|b caminos cruzados de una escuela singular /
|c José Manuel Moreira y André Azevedo Alves ; traducción del portugués a cargo de Félix-Fernando Muñoz Pérez.
|
| 250 |
|
|
|a Primera edición.
|
| 264 |
|
1 |
|a Pozuelo de Alarcón (Madrid) :
|b Editorial UFV,
|c 2018.
|
| 300 |
|
|
|a 1 online resource.
|
| 336 |
|
|
|a text
|b txt
|2 rdacontent
|
| 337 |
|
|
|a computer
|b c
|2 rdamedia
|
| 338 |
|
|
|a online resource
|b cr
|2 rdacarrier
|
| 347 |
|
|
|a text file
|2 rdaft
|
| 347 |
|
|
|b PDF
|
| 490 |
1 |
|
|a Colección Instituto de Investigaciones Económicas y Sociales de la Universidad Francisco de Vitoria
|
| 500 |
|
|
|a "Conferencias del Instituto de Investigaciones Económicas y Sociales de la Universidad Francisco de Vitoria"--page [3].
|
| 504 |
|
|
|a Includes bibliographical references.
|
| 588 |
0 |
|
|a Online resource; title from PDF title page (Digitalia, viewed April 18, 2020)
|
| 650 |
|
0 |
|a Salamanca school (Catholic theology)
|
| 650 |
|
0 |
|a Philosophy, Modern
|x History.
|
| 655 |
|
0 |
|a Electronic books.
|
| 700 |
1 |
|
|a Alves, André Azevedo,
|e author.
|
| 700 |
1 |
|
|a Muñoz Pérez, Félix-Fernando,
|e translator.
|
| 700 |
1 |
|
|i Translation of:
|a Moreira, J. M.
|q (José Manuel).
|t De Salamanca a Coimbra e Évora.
|
| 791 |
2 |
|
|a Digitalia (Firm),
|e distributor.
|
| 793 |
0 |
|
|g Digitalia eBook Collection:
|a Editorial UFV
|
| 776 |
0 |
8 |
|i Print version:
|a Moreira, J. M. (José Manuel).
|s De Salamanca a Coimbra e Évora. Spanish (Muñoz Pérez).
|t De Salamanca a Coímbra y Évora.
|d Pozuelo de Alarcón (Madrid) : Editorial UFV, 2018
|z 9788416552511
|w (OCoLC)1048115948
|
| 830 |
|
0 |
|a Instituto de Investigaciones Económicas y Sociales de la Universidad Francisco de Vitoria.
|
| 856 |
4 |
0 |
|3 Digitalia Hispánica
|u https://www.digitaliapublishing.com/a/61849/
|
| 910 |
|
|
|a Premium Collection: 2020
|